[Event "East Lansing (MOR/3)"]
[Site "?"]
[Date "1991.??.??"]
[Round "?"]
[White "Gramlich, Allen"]
[Black "Repas, B."]
[Result "0-1"]
[WhiteElo "1605"]
[BlackElo "1605"]
[PlyCount "146"]
[EventDate "1991.??.??"]

1. e4 c5 2. Nf3 Nc6 3. d4 cxd4 4. Nxd4 d6 5. Bb5 Bd7 6. Nc3 a6 7. Ba4 g6 8. Be3
Bg7 9. Qd2 Nf6 10. O-O-O b5 11. Bb3 b4 12. Nd5 Nxe4 13. Nxc6 Bxc6 14. Qxb4 Nf6
15. Nxf6+ Bxf6 16. Bb6 Qd7 17. Bd4 Bg5+ 18. Kb1 O-O 19. Qc3 Bh6 20. f3 Rac8 21.
Qd3 a5 22. g4 Bb5 23. Qe4 Bc6 24. Bd5 e6 25. Bxc6 Rxc6 26. Be5 d5 27. Qa4 Qc8
28. c3 Qa6 29. b4 axb4 30. Qxa6 Rxa6 31. cxb4 Bg7 32. Bxg7 Kxg7 33. g5 Ra4 34.
Rd4 Rb8 35. a3 Rxa3 36. Rf4 Rb3+ 37. Kc2 R3xb4 38. Rf6 Rd4 39. Ra1 Rc8+ 40. Kb3
Rd3+ 41. Kb2 Rd2+ 42. Kb3 Rxh2 43. Ra7 Rf8 44. Kb4 h6 45. f4 hxg5 46. fxg5 Rg2
47. Rf1 Rxg5 48. Kc5 Rf5 49. Rb1 g5 50. Rb6 Kf6 51. Kd4 g4 52. Ra5 g3 53. Ra1
g2 54. Rg1 Rg8 55. Rb2 Rfg5 56. Ke3 Rf5 57. Rbxg2 Rxg2 58. Rxg2 e5 59. Rg4 d4+
60. Ke4 Ke6 61. Rh4 f6 62. Rg4 Rg5 63. Rh4 f5+ 64. Kd3 Kd5 65. Rh8 e4+ 66. Ke2
Rg2+ 67. Ke1 e3 68. Kf1 Rc2 69. Rd8+ Ke4 70. Rxd4+ Kxd4 71. Ke1 f4 72. Kd1 Kd3
73. Ke1 Rc1# 0-1

[Event "East Lansing (MOR/1)"]
[Site "?"]
[Date "1991.??.??"]
[Round "?"]
[White "Gramlich, Allen"]
[Black "Nixon, Peter"]
[Result "1-0"]
[WhiteElo "1605"]
[BlackElo "1605"]
[PlyCount "87"]
[EventDate "1991.??.??"]

1. e4 c5 2. Nf3 Nc6 3. d4 cxd4 4. Nxd4 d6 5. Bb5 Bd7 6. Nc3 a6 7. Ba4 b5 8. Bb3
Nf6 9. Be3 b4 10. Nd5 Nxe4 11. Qf3 Nxd4 12. Qxe4 Nxb3 13. Nc7+ Qxc7 14. Qxa8+
Qc8 15. Qxc8+ Bxc8 16. axb3 g6 17. Bd4 e5 18. Be3 Bg7 19. O-O-O Ke7 20. f4 e4
21. Rhe1 Be6 22. Bd4 Bxd4 23. Rxd4 f5 24. Rxb4 Rc8 25. Re3 h6 26. Rb7+ Kf6 27.
Rb6 d5 28. Rc3 Rxc3 29. bxc3 g5 30. fxg5+ hxg5 31. Kd2 Ke5 32. Rxa6 f4 33. b4
e3+ 34. Ke2 Bd7 35. Ra5 Ke4 36. b5 g4 37. Ra4+ Ke5 38. Rb4 Bc8 39. b6 Bb7 40.
g3 Ba6+ 41. c4 f3+ 42. Kxe3 Bb7 43. Rb5 Kd6 44. cxd5 1-0

[Event "Detroit (MI Action/2)"]
[Site "?"]
[Date "1991.??.??"]
[Round "?"]
[White "Gramlich, Allen"]
[Black "Frazier, L."]
[Result "1-0"]
[WhiteElo "1605"]
[BlackElo "1605"]
[PlyCount "39"]
[EventDate "1991.??.??"]

1. e4 e5 2. Nf3 Bc5 3. Nxe5 Qf6 4. Nf3 Nh6 5. Nc3 Ng4 6. Nd5 Qe6 7. Nxc7+ Kd8
8. Nxe6+ dxe6 9. d4 Bb4+ 10. c3 Ba5 11. Bd2 Bc7 12. Ng5 Nxh2 13. Nxf7+ Ke8 14.
Nxh8 Nc6 15. Qh5+ Kd8 16. Bg5+ Kd7 17. e5 a5 18. Qf7+ Ne7 19. Bb5+ Kd8 20.
Bxe7# 1-0

[Event "Detroit (MI Action/6)"]
[Site "?"]
[Date "1991.??.??"]
[Round "?"]
[White "Gramlich, Allen"]
[Black "Davis, Ralph"]
[Result "1/2-1/2"]
[WhiteElo "1605"]
[BlackElo "1605"]
[PlyCount "70"]
[EventDate "1991.??.??"]

1. e4 c5 2. Nf3 d6 3. d4 cxd4 4. Nxd4 Nf6 5. Bd3 e6 6. Be3 Be7 7. Nc3 a6 8. Qd2
O-O 9. O-O-O b5 10. Rdg1 e5 11. Nf5 Bxf5 12. exf5 Nbd7 13. g4 Nc5 14. Bxc5 dxc5
15. g5 Nd5 16. f6 Nxc3 17. bxc3 Bd6 18. Be4 Rb8 19. Qd5 c4 20. g6 hxg6 21. Rxg6
Ba3+ 22. Kd2 Qxd5+ 23. Bxd5 Kh7 24. Rxg7+ Kh6 25. Rhg1 Rbd8 26. R1g3 Rxd5+ 27.
Ke1 e4 28. Ke2 Bd6 29. R3g4 Rh5 30. Rxe4 Re5 31. Ke3 Rxe4+ 32. Kxe4 Bxh2 33.
Kf5 Bd6 34. Ke4 Bc5 35. f4 Bb6 1/2-1/2

[Event "East Lansing (MOR/5)"]
[Site "?"]
[Date "1991.??.??"]
[Round "?"]
[White "Gramlich, Allen"]
[Black "Baker, Derrick"]
[Result "1-0"]
[WhiteElo "1605"]
[BlackElo "1605"]
[PlyCount "45"]
[EventDate "1991.??.??"]

1. e4 d6 2. f4 b6 3. Bc4 Bb7 4. d3 Nd7 5. Be3 Ngf6 6. Qf3 g6 7. Nc3 Bg7 8. d4
e5 9. O-O-O O-O 10. dxe5 dxe5 11. fxe5 Ne8 12. e6 fxe6 13. Bxe6+ Kh8 14. Rxd7
Rxf3 15. Rxd8 Rxd8 16. Nxf3 Bxc3 17. bxc3 Bxe4 18. Rd1 Rxd1+ 19. Kxd1 Kg7 20.
Bd4+ Kf8 21. Ng5 h6 22. Nxe4 Ke7 23. Bb3 1-0

[Event "Detroit (HPO/4/12)"]
[Site "?"]
[Date "1991.??.??"]
[Round "?"]
[White "Golonka, Stan"]
[Black "Rincon, Helio"]
[Result "1-0"]
[WhiteElo "2050"]
[BlackElo "1800"]
[PlyCount "73"]
[EventDate "1991.??.??"]

{4/(12)} 1. c4 Nf6 2. Nc3 c6 3. e4 d5 4. cxd5 cxd5 5. e5 d4 6. exf6 dxc3 7.
bxc3 Qa5 8. Qb3 b6 9. Bb5+ Bd7 10. Qd5 Qxb5 11. Qxa8 Qe5+ 12. Ne2 Bc6 13. Qxa7
Nd7 14. d4 Qa5 15. Qxa5 bxa5 16. fxe7 Bxe7 17. O-O O-O 18. Re1 Nb6 19. Bf4 Nd5
20. c4 Nxf4 21. Nxf4 Bf6 22. d5 Bxa1 23. dxc6 Bc3 24. Re7 Bb4 25. Nd5 f6 26. c7
Bxe7 27. Nxe7+ Kf7 28. c8=Q Rxc8 29. Nxc8 Ke6 30. f4 Kf5 31. g3 Ke4 32. Kf2 Kd4
33. Nd6 a4 34. Ke2 Kc5 35. Ne4+ Kxc4 36. Kd2 Kd4 37. Nc3 1-0

[Event "Detroit (HPO/2/21)"]
[Site "?"]
[Date "1991.??.??"]
[Round "?"]
[White "Golonka, Stan"]
[Black "Collins, Charles"]
[Result "1/2-1/2"]
[WhiteElo "2050"]
[BlackElo "1750"]
[PlyCount "97"]
[EventDate "1991.??.??"]

{2/(21)} 1. c4 c5 2. Nc3 Nf6 3. e4 Nc6 4. g3 d6 5. Bg2 g6 6. Nge2 Bg7 7. O-O
O-O 8. d3 Bd7 9. h3 e5 10. Be3 Ne8 11. f4 f5 12. Nd5 Nf6 13. Nec3 a6 14. Rb1
Nd4 15. b4 b5 16. fxe5 Nxd5 17. Nxd5 Bxe5 18. bxc5 dxc5 19. exf5 Bxf5 20. Bh6
Bg7 21. Bxg7 Kxg7 22. g4 Be6 23. Nf4 Rb8 24. Nxe6+ Nxe6 25. Rxf8 Qxf8 26. Qe2
Qd6 27. Re1 Nf4 28. Qe7+ Qxe7 29. Rxe7+ Kf6 30. Rb7 Rxb7 31. Bxb7 Nxd3 32. cxb5
axb5 33. Ba6 Nb4 34. Bxb5 Nxa2 35. h4 g5 36. hxg5+ Kxg5 37. Bd3 h6 38. Bf5 Kf4
39. Kg2 Nc3 40. Kh3 Kg5 41. Be6 Ne4 42. Kg2 Kf4 43. Kf1 Ke3 44. Kg2 Kd4 45. Bf5
Ke3 46. Be6 Nd2 47. Kh3 c4 48. Bxc4 Nxc4 49. Kh4 1/2-1/2

[Event "Detroit (HPO/3/14)"]
[Site "?"]
[Date "1991.??.??"]
[Round "?"]
[White "Ghiata, Gheorghe"]
[Black "Rostrom, Richard"]
[Result "1-0"]
[WhiteElo "1920"]
[BlackElo "1660"]
[PlyCount "83"]
[EventDate "1991.??.??"]

{3/(14)} 1. d4 Nf6 2. c4 c5 3. Nf3 g6 4. Nc3 b6 5. g3 Bb7 6. d5 d6 7. Bg2 Bg7
8. O-O O-O 9. Bg5 h6 10. Bd2 Nbd7 11. Qc1 Kh7 12. Nh4 Ne5 13. b3 Bc8 14. e4 Ng8
15. Qc2 f5 16. exf5 Bxf5 17. Nxf5 Rxf5 18. Be4 Nf3+ 19. Kg2 Nxd2 20. Bxf5 Nxf1
21. Bxg6+ Kh8 22. Rxf1 Qf8 23. Ne2 Qf6 24. Nf4 Qc3 25. Qxc3 Bxc3 26. Ne6 Nf6
27. Rc1 Bb2 28. Rc2 Ba1 29. f4 Rg8 30. Bf7 Rb8 31. a4 Ng4 32. Kf3 Nf6 33. g4
Nd7 34. h4 Kh7 35. g5 Nf8 36. Re2 Ng6 37. h5 Nf8 38. g6+ Kh8 39. Nxf8 Rxf8 40.
Rxe7 a6 41. Rb7 Bc3 42. Rxb6 1-0

[Event "Detroit (HPO/4/15)"]
[Site "?"]
[Date "1991.??.??"]
[Round "?"]
[White "Ghiata, Gheorghe"]
[Black "Morrow, Chris"]
[Result "1-0"]
[WhiteElo "1920"]
[BlackElo "1715"]
[PlyCount "91"]
[EventDate "1991.??.??"]

{4/(15)} 1. e4 Nc6 2. Nc3 d6 3. d4 g6 4. Be3 Bg7 5. Qd2 h6 6. Nge2 Nf6 7. f3 e6
8. O-O-O Bd7 9. g4 Qe7 10. h3 O-O-O 11. Nf4 e5 12. Nfd5 Qf8 13. Nxf6 Bxf6 14.
d5 Nb8 15. Bxa7 b6 16. Kb1 Kb7 17. Bxb8 Rxb8 18. Nb5 Qe8 19. Qb4 Ra8 20. c4
Bxb5 21. cxb5 Bg5 22. Rd3 Ra5 23. Ra3 Rxa3 24. Qxa3 Qa8 25. Qa6+ Kb8 26. h4 Be3
27. h5 g5 28. Bd3 Bc5 29. Rc1 f6 30. a3 Rf8 31. Qxa8+ Kxa8 32. b4 Kb7 33. bxc5
dxc5 34. Kb2 Ra8 35. Kb3 Kb8 36. Rc4 Kb7 37. Ra4 Rxa4 38. Kxa4 Kb8 39. Kb3 Kb7
40. Kc4 Kb8 41. d6 Kc8 42. Kd5 Kd7 43. dxc7 Kxc7 44. Bc4 Kd7 45. a4 Kc7 46. Ke6
1-0

[Event "Flint (MEX/2)"]
[Site "?"]
[Date "1991.??.??"]
[Round "?"]
[White "Gabbara, Faris"]
[Black "Tsemekhman, Vadim"]
[Result "0-1"]
[WhiteElo "2125"]
[BlackElo "2435"]
[PlyCount "96"]
[EventDate "1991.??.??"]

1. e4 e6 2. d4 d5 3. Nd2 Nf6 4. e5 Nfd7 5. Bd3 c5 6. c3 Nc6 7. Ne2 cxd4 8. cxd4
f6 9. Nf4 Nxd4 10. Qh5+ Ke7 11. Ng6+ hxg6 12. exf6+ Nxf6 13. Qxh8 Kf7 14. O-O
e5 15. Nf3 Nxf3+ 16. gxf3 e4 17. fxe4 Nh5 18. Be2 Qh4 19. e5 Bh3 20. Bf3 Rd8
21. Be3 Bb4 22. Qh7 d4 23. Bh6 Bf8 24. Rac1 Nf4 25. Rc7+ Rd7 26. Rfc1 Be6 27.
Rxd7+ Bxd7 28. e6+ Nxe6 29. Bd5 Qxh6 30. Qxh6 gxh6 31. Rc7 Ke7 32. Rxb7 Kd6 33.
Rxa7 d3 34. Bb3 Nc5 35. Bd1 d2 36. f3 Nd3 37. Ra6+ Ke5 38. Rxg6 Nxb2 39. Rg2
Bc5+ 40. Kh1 Be3 41. Be2 Bb5 42. f4+ Bxf4 43. Bf3 Bc6 44. Re2+ Kf6 45. Rxd2
Bxf3+ 46. Rg2 Nc4 47. Kg1 Be3+ 48. Rf2 Nd2 0-1

[Event "Flint (MEX/3)"]
[Site "?"]
[Date "1991.??.??"]
[Round "?"]
[White "Gabbara, Faris"]
[Black "Lehotzky, Attila"]
[Result "1-0"]
[WhiteElo "2125"]
[BlackElo "2065"]
[PlyCount "77"]
[EventDate "1991.??.??"]

1. e4 e5 2. Nf3 Nc6 3. d4 exd4 4. Bc4 Be7 5. c3 d6 6. Qb3 Ne5 7. Nxe5 dxe5 8.
Bxf7+ Kf8 9. O-O d3 10. Be3 Nf6 11. Nd2 Bg4 12. f3 Bc8 13. Nc4 Bd6 14. Nxd6
Qxd6 15. Rad1 Qe7 16. Rxd3 Bd7 17. Qxb7 Kxf7 18. Bxa7 Rxa7 19. Qxa7 Bb5 20. c4
Bxc4 21. Rc3 Be6 22. Rxc7 Nd7 23. f4 exf4 24. Rxf4+ Kg6 25. Rc6 Re8 26. Rg4+
Kf7 27. Rf4+ Kg8 28. a3 Bd5 29. exd5 Rf8 30. Rxf8+ Kxf8 31. Rc8+ Kf7 32. Qf2+
Nf6 33. Ra8 Qe4 34. Ra7+ Kg8 35. h3 h6 36. d6 Qb1+ 37. Kh2 Qd3 38. Qf4 Kh8 39.
Qg3 1-0

[Event "Detroit (MI Action/3)"]
[Site "?"]
[Date "1991.??.??"]
[Round "?"]
[White "Frazier, L."]
[Black "West, Tony"]
[Result "1-0"]
[WhiteElo "1605"]
[BlackElo "1605"]
[PlyCount "29"]
[EventDate "1991.??.??"]

1. e4 e5 2. Bc4 Nf6 3. Nh3 Nxe4 4. Qf3 Nd6 5. O-O Nxc4 6. b3 Nd6 7. Re1 a5 8.
Bb2 Qh4 9. g3 Qxh3 10. Rxe5+ Be7 11. Qe3 f6 12. Rxe7+ Kd8 13. Nc3 Nc6 14. Re1
Nxe7 15. Qxe7# 1-0

[Event "Detroit (MI Action/6)"]
[Site "?"]
[Date "1991.??.??"]
[Round "?"]
[White "Frazier, L."]
[Black "Edens, Samuel"]
[Result "0-1"]
[WhiteElo "1605"]
[BlackElo "1605"]
[PlyCount "44"]
[EventDate "1991.??.??"]

1. e4 e5 2. d3 Bc5 3. Qf3 Nf6 4. b4 Bd4 5. Bg5 Bxa1 6. Na3 Bc3+ 7. Kd1 Bxb4 8.
d4 exd4 9. Bc4 Qe7 10. Nb5 Ba5 11. Bxf6 gxf6 12. Ne2 c6 13. Qg3 cxb5 14. Qg7
Rf8 15. Nxd4 bxc4 16. Qxh7 d6 17. Nf5 Bxf5 18. exf5 Nd7 19. Re1 Ne5 20. Re4 d5
21. Rh4 Qb4 22. Rh6 Qd2# 0-1

[Event "East Lansing (MOR/3)"]
[Site "?"]
[Date "1991.??.??"]
[Round "?"]
[White "Foord, Allan"]
[Black "Wanshon, Kevin"]
[Result "1/2-1/2"]
[WhiteElo "1605"]
[BlackElo "1705"]
[PlyCount "65"]
[EventDate "1991.??.??"]

1. e4 c6 2. d4 d5 3. exd5 cxd5 4. Bd3 Nc6 5. c3 Nf6 6. Bf4 e6 7. Nf3 Bd6 8. Qd2
Qc7 9. Bxd6 Qxd6 10. Na3 a6 11. O-O h6 12. Rfe1 O-O 13. Rac1 b5 14. Ne5 Na5 15.
f4 Nc4 16. Naxc4 dxc4 17. Bb1 Bb7 18. Qc2 Rfd8 19. Re3 Rac8 20. Qe2 Rc7 21. Rf1
Rdc8 22. f5 Bd5 23. fxe6 Bxe6 24. Rg3 Kf8 25. a3 a5 26. Qd2 b4 27. Qf4 Qd5 28.
Qf3 bxa3 29. Qxd5 Bxd5 30. bxa3 Rb8 31. Bc2 Rb2 32. Rf2 Be4 33. Ba4 1/2-1/2

[Event "Flint (MI Senior/1)"]
[Site "?"]
[Date "1991.??.??"]
[Round "?"]
[White "Foord, Allan"]
[Black "Shields, S."]
[Result "1-0"]
[WhiteElo "1700"]
[BlackElo "1605"]
[PlyCount "53"]
[EventDate "1991.??.??"]

1. e4 e6 2. d4 d6 3. f4 Nf6 4. Bd3 Nbd7 5. Nf3 c5 6. Be3 cxd4 7. Bxd4 b6 8. Nc3
Bb7 9. O-O Nc5 10. Bb5+ Ncd7 11. Qe2 Be7 12. e5 Nd5 13. exd6 Bxd6 14. Bxg7 Rg8
15. Be5 Nxf4 16. Bxf4 Bxf4 17. Rad1 Bc8 18. Qe4 Rb8 19. Qxf4 Kf8 20. Qxb8 Kg7
21. Qxa7 Kh8 22. Bxd7 Qe7 23. Qxb6 Bxd7 24. Qc7 Rc8 25. Qxd7 Qxd7 26. Rxd7 Kg7
27. Ne5 1-0

[Event "Flint (MI Senior/3)"]
[Site "?"]
[Date "1991.??.??"]
[Round "?"]
[White "Foord, Allan"]
[Black "Rosebrook, G."]
[Result "1-0"]
[WhiteElo "1700"]
[BlackElo "1605"]
[PlyCount "57"]
[EventDate "1991.??.??"]

1. e4 c5 2. Nf3 e6 3. d4 g6 4. Be3 Bg7 5. Nc3 a6 6. dxc5 Bxc3+ 7. bxc3 Nc6 8.
Qd6 Qe7 9. Bd3 Qxd6 10. cxd6 b5 11. Kd2 Bb7 12. Rhb1 Rc8 13. a4 Nf6 14. axb5
axb5 15. Rxb5 Nd8 16. Bd4 Bxe4 17. Bxf6 Bc6 18. Bxh8 Bxb5 19. Bxb5 Nb7 20. Be5
Rb8 21. Ra7 Nc5 22. c4 f6 23. Bd4 Ne4+ 24. Ke3 Nxd6 25. Bxd7+ Kd8 26. Bxe6 Ne8
27. Rd7+ Kc8 28. Rxh7+ Kd8 29. Rd7+ 1-0

[Event "East Lansing (MOR/7)"]
[Site "?"]
[Date "1991.??.??"]
[Round "?"]
[White "Foord, Allan"]
[Black "Imai, Toshio"]
[Result "1-0"]
[WhiteElo "1605"]
[BlackElo "1720"]
[PlyCount "61"]
[EventDate "1991.??.??"]

1. e4 e5 2. Nf3 Nc6 3. Bb5 Bc5 4. c3 f5 5. d3 Nf6 6. Nbd2 Qe7 7. exf5 Bxf2+ 8.
Kxf2 Qc5+ 9. d4 Qxb5 10. Nxe5 Nxe5 11. dxe5 Qc5+ 12. Kf3 Qd5+ 13. Kf2 Ne4+ 14.
Nxe4 Qxe4 15. Qf3 Qc2+ 16. Kg1 O-O 17. g4 c6 18. h4 d6 19. Rh2 Qa4 20. exd6 Be6
21. Re2 Bd5 22. Qf4 Qd1+ 23. Qf1 Qd3 24. Re3 Qc2 25. Qe2 Qa4 26. Re7 Bc4 27.
Qe1 Bd5 28. b4 Qc2 29. Qe2 Qxc3 30. Qe5 Qf3 31. Qxg7# 1-0

[Event "East Lansing (MOR/5)"]
[Site "?"]
[Date "1991.??.??"]
[Round "?"]
[White "Foord, Allan"]
[Black "Conway, M."]
[Result "0-1"]
[WhiteElo "1605"]
[BlackElo "1750"]
[PlyCount "54"]
[EventDate "1991.??.??"]

1. e4 c6 2. d4 d5 3. exd5 cxd5 4. Bd3 Nc6 5. c3 Nf6 6. Bf4 e6 7. Nf3 Bd6 8. Qd2
Qc7 9. Bxd6 Qxd6 10. Qg5 Qf8 11. Nbd2 h6 12. Qf4 Qe7 13. O-O g5 14. Qe3 Ng4 15.
Qe2 h5 16. h3 Nh6 17. Ne5 g4 18. Nxc6 bxc6 19. Qe5 Rg8 20. Qxh5 Qf6 21. hxg4
Rxg4 22. Rae1 Rg5 23. Qf3 Qh8 24. c4 Ng4 25. Qg3 Rh5 26. Qh3 Rxh3 27. gxh3 Qxh3
0-1

[Event "East Lansing (MOR/1)"]
[Site "?"]
[Date "1991.??.??"]
[Round "?"]
[White "Foord, Allan"]
[Black "Bohnhorst, B."]
[Result "1-0"]
[WhiteElo "1605"]
[BlackElo "1605"]
[PlyCount "59"]
[EventDate "1991.??.??"]

1. e4 c6 2. d4 d5 3. exd5 cxd5 4. Bd3 Nc6 5. c3 e5 6. Be3 exd4 7. cxd4 Qb6 8.
Qd2 Bd7 9. Nf3 Nf6 10. h3 Bd6 11. Nc3 O-O 12. O-O Qc7 13. Nb5 Qb8 14. Nxd6 Qxd6
15. a3 Rfe8 16. Bf4 Qf8 17. Rae1 Rxe1 18. Rxe1 Re8 19. b4 Ne4 20. Qc2 Bf5 21.
Qb2 Re6 22. Nh4 Bg6 23. Nxg6 fxg6 24. Bh2 Rf6 25. Bxe4 dxe4 26. Rxe4 Rd6 27.
Bxd6 Qxd6 28. Qb3+ Kf8 29. Qf3+ Qf6 30. Rf4 1-0

[Event "Detroit (HPO/2/34)"]
[Site "?"]
[Date "1991.??.??"]
[Round "?"]
[White "Fluellen, Nathaniel"]
[Black "Lester, T."]
[Result "0-1"]
[WhiteElo "1605"]
[BlackElo "1605"]
[PlyCount "70"]
[EventDate "1991.??.??"]

{2/(34)} 1. e4 c5 2. d4 cxd4 3. Qxd4 Nc6 4. Qd1 e6 5. Nc3 Bc5 6. Be3 Bxe3 7.
fxe3 Qb6 8. Na4 Qxe3+ 9. Be2 Qxe4 10. Nc3 Qxg2 11. Bf3 Qg5 12. Nh3 Qe7 13. Qd2
Nf6 14. O-O-O O-O 15. Nf2 Rd8 16. Rhg1 Ne5 17. Be4 Nxe4 18. Nfxe4 Nf3 19. Qg2
Nxg1 20. Rxg1 g6 21. Nb5 d5 22. Nc7 Qxc7 23. Nf6+ Kh8 24. Nh5 b6 25. Nf6 Qf4+
26. Kb1 Qxf6 27. Rf1 Qd4 28. Qe2 f5 29. Rd1 Qe4 30. Qb5 Bb7 31. a3 Rdc8 32. Rd2
Qe1+ 33. Ka2 Qxd2 34. Qd7 Rxc2 35. Qb5 Ba6 0-1

[Event "East Lansing (MOR/7)"]
[Site "?"]
[Date "1991.??.??"]
[Round "?"]
[White "Fletcher, G."]
[Black "Solski, Jeff"]
[Result "0-1"]
[WhiteElo "1605"]
[BlackElo "1605"]
[PlyCount "82"]
[EventDate "1991.??.??"]

1. e4 d6 2. Nf3 Nf6 3. e5 Nfd7 4. d4 g6 5. Ng5 dxe5 6. Qf3 Nf6 7. Bc4 Qxd4 8.
Bxf7+ Kd8 9. Be6 Bd7 10. Nf7+ Ke8 11. Nxh8 Bxe6 12. O-O Bg4 13. Qb3 Qd5 14.
Qxd5 Nxd5 15. Bd2 Nd7 16. f4 exf4 17. Bxf4 Bg7 18. c3 Bxh8 19. Bh6 N5f6 20. Nd2
Ne5 21. Ne4 Nf7 22. Nxf6+ Bxf6 23. Be3 Rd8 24. h3 Be2 25. Rfe1 Bb5 26. Bf4 e5
27. Re3 Kf8 28. Bg3 Rd2 29. b3 Bc6 30. Bf2 Nd6 31. Rae1 Rxa2 32. R3e2 Ra3 33.
Rb2 Ne4 34. c4 b6 35. Be3 Kg8 36. b4 Bh4 37. g3 Bxg3 38. Ree2 Nc3 39. Rec2 Nd1
40. Ra2 Rxe3 41. b5 Re1# 0-1

[Event "East Lansing (MOR/5)"]
[Site "?"]
[Date "1991.??.??"]
[Round "?"]
[White "Fletcher, G."]
[Black "Puryear, Douglas"]
[Result "0-1"]
[WhiteElo "1605"]
[BlackElo "1605"]
[PlyCount "47"]
[EventDate "1991.??.??"]

1. e4 e5 2. Nf3 Nc6 3. Bc4 h6 4. O-O Bc5 5. c3 Nf6 6. d4 exd4 7. cxd4 Bb6 8.
Bf4 Nxe4 9. Re1 d5 10. Bb5 O-O 11. Bxc6 bxc6 12. Ne5 Qf6 13. Nd3 Bxd4 14. Be3
Ba6 15. f3 Nd6 16. Bxd4 Qxd4+ 17. Nf2 Qxb2 18. Nd2 Rfe8 19. Rb1 Qxa2 20. Ra1
Rxe1+ 21. Qxe1 Qc2 22. Rxa6 Re8 23. Qb1 Qxb1+ 24. Nxb1 0-1

[Event "East Lansing (MOR/1)"]
[Site "?"]
[Date "1991.??.??"]
[Round "?"]
[White "Fletcher, G."]
[Black "DeVries, D."]
[Result "0-1"]
[WhiteElo "1605"]
[BlackElo "1605"]
[PlyCount "54"]
[EventDate "1991.??.??"]

1. e4 c5 2. Nf3 Nc6 3. c3 g6 4. d4 cxd4 5. cxd4 Bg7 6. Nc3 d6 7. Bc4 Bg4 8.
Bxf7+ Kf8 9. Qb3 Bxf3 10. Bxg8 Rxg8 11. gxf3 Nxd4 12. Qd1 Qd7 13. Bg5 Qh3 14.
Be3 Nxf3+ 15. Ke2 Rc8 16. Bxa7 Bxc3 17. Rc1 Ne5 18. Rxc3 Rxc3 19. bxc3 Qf3+ 20.
Kd2 Qd3+ 21. Kc1 Qxc3+ 22. Qc2 Qa3+ 23. Kb1 Qxa7 24. f4 Qb6+ 25. Ka1 Qd4+ 26.
Kb1 Nc4 27. Qd1 Qb2# 0-1

[Event "East Lansing (MOR/3)"]
[Site "?"]
[Date "1991.??.??"]
[Round "?"]
[White "Fletcher, G."]
[Black "Cischke, J."]
[Result "1-0"]
[WhiteElo "1605"]
[BlackElo "1605"]
[PlyCount "61"]
[EventDate "1991.??.??"]

1. e4 e5 2. Nf3 Nc6 3. Bc4 Nf6 4. Ng5 d5 5. exd5 Nxd5 6. Nxf7 Kxf7 7. Qf3+ Ke8
8. Bxd5 Qd7 9. Bxc6 bxc6 10. O-O Bc5 11. d4 Rf8 12. Qh5+ g6 13. Qxe5+ Qe7 14.
Qxc5 Qe2 15. Qxc6+ Kf7 16. Bh6 Re8 17. Nc3 Qh5 18. Qxc7+ Re7 19. Qf4+ Bf5 20.
h3 Rae8 21. g4 Qxh3 22. gxf5 gxf5 23. Bg5 Rg8 24. Rfe1 Rd7 25. Re3 Rxd4 26.
Qc7+ Kg6 27. Rxh3 Kxg5 28. Rg3+ Rg4 29. Rxg4+ Kxg4 30. Kh2 f4 31. Rg1+ 1-0

[Event "Flint (MI Senior/2)"]
[Site "?"]
[Date "1991.??.??"]
[Round "?"]
[White "Finegold, Ron"]
[Black "Foord, Allan"]
[Result "1-0"]
[WhiteElo "2165"]
[BlackElo "1700"]
[PlyCount "39"]
[EventDate "1991.??.??"]

1. Nf3 Nf6 2. c4 g6 3. Nc3 d5 4. d4 Bg7 5. Qa4+ Qd7 6. Qxd7+ Nbxd7 7. cxd5 Nb6
8. e4 Bg4 9. Bb5+ Nfd7 10. Be3 a6 11. Be2 Nf6 12. a4 a5 13. Bb5+ Bd7 14. Bxd7+
Nfxd7 15. Rc1 Nc4 16. Nb5 Nxb2 17. Nxc7+ Kd8 18. Nxa8 Nd3+ 19. Ke2 Nxc1+ 20.
Rxc1 1-0

[Event "Cappelle op"]
[Site "Cappelle la Grande"]
[Date "1991.??.??"]
[Round "?"]
[White "Finegold, Ben"]
[Black "Kinsman, Andrew PH"]
[Result "1-0"]
[WhiteElo "2460"]
[BlackElo "2300"]
[PlyCount "35"]
[EventDate "1991.02.??"]

1. d4 Nf6 2. c4 c5 3. d5 b5 4. cxb5 a6 5. f3 e6 6. e4 Bb7 7. Bg5 Qa5+ 8. Nc3
Be7 9. d6 Bd8 10. Bd2 Qb6 11. Be3 axb5 12. Bxb5 O-O 13. b4 Na6 14. Rb1 Qa7 15.
a4 Qb8 16. bxc5 Ba5 17. Nge2 Qc8 18. Qd4 1-0

[Event "Ann Arbor (MI Inv Pre/3)"]
[Site "?"]
[Date "1991.??.??"]
[Round "?"]
[White "Feldman, Steve"]
[Black "O'Donnell, Robert"]
[Result "0-1"]
[WhiteElo "2260"]
[BlackElo "2290"]
[PlyCount "78"]
[EventDate "1991.??.??"]

1. d4 Nf6 2. c4 e6 3. Nf3 b6 4. a3 Bb7 5. Nc3 d5 6. cxd5 Nxd5 7. e3 Nxc3 8.
bxc3 Be7 9. Bb5+ c6 10. Bd3 O-O 11. O-O c5 12. Qe2 Nc6 13. Rd1 cxd4 14. cxd4
Bf6 15. Bb2 g6 16. Rac1 Rc8 17. Bb5 Ne7 18. Rxc8 Qxc8 19. e4 Qa8 20. Bd3 Rc8
21. Bb1 Rc7 22. h4 Qc8 23. h5 Ba6 24. Qd2 Bc4 25. hxg6 hxg6 26. Qf4 Bg7 27. Ng5
Nc6 28. Qh4 Qd8 29. Qh7+ Kf8 30. Nf3 Be2 31. Rc1 Bxf3 32. gxf3 Qg5+ 33. Kf1
Qb5+ 34. Kg2 Qxb2 35. Rd1 Nxd4 36. Qh4 Rd7 37. e5 Nf5 38. Qa4 Rxd1 39. Qxd1
Ne3+ 0-1

[Event "Ann Arbor (MI Inv Pre/1)"]
[Site "?"]
[Date "1991.??.??"]
[Round "?"]
[White "Feldman, Steve"]
[Black "Noren, Kevin"]
[Result "1-0"]
[WhiteElo "2260"]
[BlackElo "2285"]
[PlyCount "53"]
[EventDate "1991.??.??"]

1. d4 Nf6 2. c4 e6 3. Nf3 Bb4+ 4. Bd2 c5 5. Nc3 cxd4 6. Nxd4 Nc6 7. Nc2 Be7 8.
e4 d5 9. cxd5 exd5 10. exd5 Nxd5 11. Bb5 O-O 12. O-O Ne5 13. Qe2 Ng6 14. Rad1
Nxc3 15. Bxc3 Qc7 16. Rfe1 Bc5 17. Nd4 a6 18. Bd3 Nf4 19. Qe4 Nxd3 20. Rxd3 Bd7
21. Rg3 g6 22. Qh4 f5 23. Ne6 Bxe6 24. Rxg6+ hxg6 25. Qh8+ Kf7 26. Qg7+ Ke8 27.
Qxc7 1-0

[Event "East Lansing (MOR/6)"]
[Site "?"]
[Date "1991.??.??"]
[Round "?"]
[White "Falkowski, Kenneth"]
[Black "Neff, M."]
[Result "0-1"]
[WhiteElo "1745"]
[BlackElo "1700"]
[PlyCount "94"]
[EventDate "1991.??.??"]

1. d4 Nf6 2. c4 e6 3. Nc3 Bb4 4. Qc2 b6 5. Bg5 Bb7 6. a3 Bxc3+ 7. bxc3 O-O 8.
e3 d6 9. Nf3 Nbd7 10. Be2 h6 11. Bh4 Re8 12. O-O c5 13. Nd2 Qc7 14. Bf3 d5 15.
cxd5 exd5 16. Rac1 Ne4 17. Nxe4 dxe4 18. Bg3 Qc6 19. Be2 Nf6 20. Rfd1 Red8 21.
a4 c4 22. Ra1 Bc8 23. h3 Be6 24. Rdb1 Rd5 25. Be5 Ra5 26. Bxf6 gxf6 27. Bd1 Kh7
28. Qe2 Rg8 29. Kh1 Rag5 30. Qf1 Qd7 31. g4 h5 32. f4 exf3 33. Bxf3 hxg4 34. h4
Rf5 35. Be4 Bd5 36. Qg2 Qe6 37. Bxd5 Rxd5 38. e4 Rh5 39. Rb5 Rxh4+ 40. Kg1 g3
41. Rf1 Rh2 42. Qf3 Qh3 43. Qf5+ Rg6 44. Qxh3+ Rxh3 45. Rbf5 g2 46. d5 Rh1+ 47.
Kf2 Rxf1+ 0-1

[Event "East Lansing (MOR/4)"]
[Site "?"]
[Date "1991.??.??"]
[Round "?"]
[White "Falkowski, Kenneth"]
[Black "Letourneau, Keith"]
[Result "1-0"]
[WhiteElo "1745"]
[BlackElo "1640"]
[PlyCount "131"]
[EventDate "1991.??.??"]

1. d4 e6 2. c4 c5 3. d5 d6 4. Nf3 Nf6 5. Nc3 h6 6. e4 e5 7. Bd3 Be7 8. h3 Bd7
9. Bd2 Na6 10. a3 g5 11. Nb5 g4 12. Nh4 Nxe4 13. Bxe4 Bxh4 14. g3 Bg5 15. Nxd6+
Kf8 16. hxg4 Bxg4 17. Nxf7 Bxd1 18. Nxd8 Bxd2+ 19. Kxd2 Bg4 20. Nxb7 Rb8 21. d6
Bc8 22. Na5 Rxb2+ 23. Ke3 Bg4 24. f3 Be6 25. Rad1 Nb8 26. Rh5 Nd7 27. Bc6 Ra2
28. Rd3 Nb6 29. d7 Ke7 30. Rxe5 Rd8 31. f4 Nxd7 32. Bxd7 Rxd7 33. Nc6+ Kf6 34.
Rxd7 Bxd7 35. Rxc5 Rxa3+ 36. Kf2 Bg4 37. Ne5 Be6 38. g4 a5 39. Rc6 a4 40. c5
Ke7 41. f5 Ra2+ 42. Ke3 Bb3 43. f6+ Kd8 44. f7 Bxf7 45. Nxf7+ Ke8 46. Nd6+ Kd7
47. Ra6 a3 48. Nc4 Rg2 49. Kf3 Rc2 50. Nxa3 Rxc5 51. Kf4 h5 52. g5 h4 53. g6 h3
54. Kg3 Rh5 55. Kh2 Ke7 56. Nc2 Kf8 57. Nd4 Rd5 58. Ne6+ Ke7 59. g7 Rd2+ 60.
Kxh3 Rd3+ 61. Kh4 Rd7 62. g8=Q Kf6 63. Nc5+ Rd6 64. Rxd6+ Ke5 65. Qe6+ Kf4 66.
Qe4# 1-0